Super Mario 64 Star Words - Statistics

General Stats
  • This quiz has been taken 16 times
  • The average score is 311 of 408
Answer Stats
Course Star Number Word % Correct
8
100%
3 8-
100%
a
100%
5 A-
100%
Bob-omb Battlefield 1 | 3 | 5 Big
100%
Chain
100%
Chomp's
100%
Coin
100%
Coins
100%
4 Find
100%
Foot-
100%
in
100%
Shifting Sand Land 1 | 3 In
100%
Koopa
100%
5 Mario
100%
Mountain
100%
O'
100%
of
100%
off
100%
on
100%
Quick
100%
Race
100%
Red
100%
4 Red-
100%
3 Shoot
100%
Sky
100%
the
100%
2 | 5 The
100%
to
100%
2 To
100%
Top
100%
Atop
83%
6 Behind
83%
5 | 6 Blast
83%
Block
83%
Blue
83%
Dire, Dire Docks 1 Board
83%
Bob-
83%
Boo's
83%
Bowser's
83%
Bully
83%
Cage
83%
Whomp's Fortress 1 Chip
83%
Eel
83%
6 Elevator
83%
Elevator-
83%
5 Fall
83%
2 Footrace
83%
for
83%
Fortress
83%
Gate
83%
Ghost
83%
Big Boo's Huant 1 | 5 Go
83%
Go-
83%
Head
83%
Hot
83%
5 Hot-
83%
Hunt
83%
into
83%
6 Into
83%
Island
83%
Lost
83%
Merry-
83%
3 Metal-
83%
omb
83%
Pillar
83%
Pillars
83%
Puzzle
83%
Pyramid
83%
2 Ride
83%
Round
83%
3 Secret
83%
Ship
83%
Slide
83%
1 | 5 Snowman's
83%
Sub
83%
Summit
83%
Volcano
83%
Wall
83%
Whomp's
83%
Wings
83%
with
83%
Away
67%
Balcony
67%
Books
67%
Bullies
67%
2 Can
67%
Caps...
67%
Cave
67%
2 Chests
67%
2 Chill
67%
6 Collect
67%
Come
67%
Current
67%
Deep
67%
6 Eye
67%
Floating
67%
Flying
67%
5 Free
67%
Freeze
67%
Haunted
67%
his
67%
Igloo
67%
It
67%
Jet
67%
Jumping
67%
Kicks
67%
2 Li'l
67%
Log
67%
Manta
67%
Monkey
67%
onto
67%
out
67%
Penguin
67%
Play?
67%
3 Pole-
67%
Ray's
67%
Tick Tock Clock 1 Roll
67%
Rolling
67%
Room
67%
2 Shining
67%
Slidin'
67%
4 Stand
67%
Stream
67%
Sunken
67%
Tall
67%
Town
67%
3 Treasure
67%
Wild
67%
Afloat
50%
Ancient
50%
Beast
50%
Bird
50%
Lethal Lava Land 1 Boil
50%
Caged
50%
Cavern
50%
2 Elevate
50%
Four
50%
Freezing
50%
from
50%
Hand
50%
ing
50%
3 Inside
50%
Isle
50%
Jumps
50%
Maze
50%
Maze-
50%
Move!
50%
Mushroom
50%
Ocean
50%
over
50%
Pieces
50%
Piranha
50%
Jolly Roger Bay 1 Plunder
50%
Rainbow
50%
3 Rematch
50%
Rocks
50%
Tall, Tall Mountain 1 Scale
50%
3 Secrets
50%
4 Seek
50%
5 Shell
50%
Cool, Cool Mountain 1 Slip
50%
4 Stomp
50%
Hazy Maze Cave 1 Swimming
50%
Talons
50%
4 | 6 Through
50%
through
50%
Tour
50%
Up!
50%
6 Watch
50%
will
50%
Work
50%
15
33%
and
33%
5 Breathtaking
33%
Bridge
33%
Downtown
33%
Emergency
33%
Exit
33%
4 Express
33%
Flower
33%
4 Frosty
33%
3 Get
33%
Huge
33%
Hurry
33%
Lonely
33%
6 Make
33%
Mountainside
33%
Moving
33%
4 Mysterious
33%
2 Mystery
33%
4 Navigating
33%
Pendulums
33%
Pit
33%
Tiny-Huge Island 1 Pluck
33%
Pond
33%
Reward
33%
Shallows
33%
Shreddin'
33%
6 Somewhere
33%
Squirm
33%
Stone
33%
6 Stop
33%
4 Swingin'
33%
Thwomp
33%
Time
33%
Tip
33%
Toxic
33%
Triangles!
33%
5 Tricky
33%
View
33%
4 Whirl
33%
Wriggler
33%
Amassed
17%
Arrow
17%
Bars
17%
Bitty
17%
Breeze
17%
Crossing
17%
Rainbow Ride 1 Cruiser
17%
4 Five
17%
House
17%
Itty
17%
Lifts!
17%
3 Scary
17%
Wet-Dry World 1 Shocking
17%
'Shrooms,
17%
5 Timed
17%
5 Wriggler's
17%
No matching quizzes found
Score Distribution
Percent of People with Each Score
Percentile by Number Answered
Your Score History
You have not taken this quiz